Countries With The Most Domestic Fish - Statistics

General Stats
  • This quiz has been taken 43 times
  • The average score is 8 of 10
Answer Stats
# Of Fish Country % Correct
57,750,000 United States
100%
770,000 Russia
98%
20,500,000 Australia
90%
26,500,000 Brazil
90%
20,000,000 United Kingdom
90%
37,300,000 France
85%
1,540,000 Italy
83%
2,000,000 Germany
80%
708,000 Netherlands
58%
1,678,000 New Zealand
55%
No matching quizzes found
Score Distribution
Percent of People with Each Score
Percentile by Number Answered
Your Score History
You have not taken this quiz